US Presidents by Last Name Length Quiz Stats

 Plays Quiz Updated Dec 11, 2018

Also try: First Ladies
Challenge
Share
Tweet
Embed
Score 0/44 Timer 05:00
6 Plays Today
Starting Letter US President % Correct
B(H. W.) Bush
97.2%
B(W.) Bush
96.4%
AAdams
93.1%
TTaft
91.5%
FFord
90.6%
A(Q.) Adams
90%
PPolk
86.4%
OObama
86.3%
NNixon
85.2%
WWashington
83.8%
GGrant
79.6%
R(T.) Roosevelt
79.3%
R(F.) Roosevelt
79.2%
EEisenhower
77.3%
J(A.) Johnson
77.2%
JJackson
76.9%
LLincoln
75.9%
J(L.) Johnson
75.6%
CCarter
74.6%
KKennedy
74%
RReagan
73.3%
MMonroe
72.4%
Starting Letter US President % Correct
HHoover
71.9%
TDonald Trump
70.6%
JJefferson
69%
MMadison
68.5%
WWilson
68.2%
CClinton
67.3%
VVan Buren
62%
CCoolidge
61.8%
TTyler
61.6%
TTruman
61.3%
H(B.) Harrison
60.6%
HHarrison
59.8%
HHayes
57.7%
PPierce
57.6%
TTaylor
56.6%
GGarfield
56.3%
AArthur
54.6%
BBuchanan
54.2%
CCleveland
50%
FFillmore
49.4%
HHarding
48.5%
MMcKinley
45%

You're not logged in!

Compare scores with friends on all Sporcle quizzes.
OR
Log In

You Might Also Like...

Show Comments

Extras

Top Quizzes Today


Score Distribution

Your Account Isn't Verified!

In order to create a playlist on Sporcle, you need to verify the email address you used during registration. Go to your Sporcle Settings to finish the process.

Report this User

Report this user for behavior that violates our Community Guidelines.

Details: